000
00286nam a22001337a 4500
008
170327b xxu||||| |||| 00| 0 eng d
020
_a
0443076537
041
_a
eng
080
_a
615.83
100
_a
8
101
_a
SHM
245
_a
CLINICAL VIROLOGY
_c
RICHMAN.D.D
942
_2
udc
_c
BK
999
_c
8654
_d
8654